[Event "Prague-F"]
[Site "Prague"]
[Date "2019.03.16"]
[Round "9.1"]
[White "Trefilik, Jiri"]
[Black "Privoznik, Lubos"]
[Result "1-0"]
[WhiteElo "1486"]
[BlackElo "1615"]
[PlyCount "120"]
[EventDate "2019.03.09"]
[EventType "tourn"]
[EventRounds "9"]
[EventCountry "CZE"]
[SourceTitle "CBM 189 Extra"]
[Source "ChessBase"]
[SourceDate "2019.06.03"]
[SourceVersion "1"]
[SourceVersionDate "2019.06.03"]
[SourceQuality "1"]

1. e4 e6 2. d3 d5 3. Nd2 c5 4. Ngf3 Nc6 5. g3 Nf6 6. Bg2 Be7 7. 0-0 0-0 8. Re1 Qc7 9. e5 Nd7 10. Qe2 b6 11. Nf1 Ba6 12. Bf4 Rac8 13. b3 b5 14. h3 Qb6 15. c3 h6 16. N1h2 b4 17. c4 d4 18. Qd2 g5 19. Bxg5 hxg5 20. Nxg5 Ncxe5 21. Ng4 Nxg4 22. hxg4 Bb7 23. Be4 Bxe4 24. Rxe4 e5 25. Nf3 Qf6 26. Kg2 Kg7 27. Nh4 Rh8 28. Rae1 Qg5 29. f4 Qf6 30. g5 Qc6 31. f5 f6 32. Ng6 Rce8 33. Nxh8 Rxh8 34. g6 Kg8 35. Rh1 Rxh1 36. Kxh1 Bf8 37. Qh2 Bg7 38. Kg1 Nf8 39. Rh4 Qf3 40. Qg2 Qxf5 41. Qd5+ Ne6 42. g4 Qxg6 43. Qxe6+ Kf8 44. Qf5 Kf7 45. Rh3 Bh6 46. Kf1 Kg7 47. Qd7+ Kf8 48. Qf5 Kf7 49. Ke2 Qg7 50. Qd7+ Kg8 51. Qxg7+ Kxg7 52. Kf3 Kg6 53. Rh5 Bg5 54. Rh8 f5 55. gxf5+ Kxf5 56. Rf8+ Ke6 57. Ke4 Kd6 58. Ra8 Bf4 59. Rxa7 Ke6 60. Ra6+ Kd7 1-0

[Event "Prague-F"]
[Site "Prague"]
[Date "2019.03.10"]
[Round "3.1"]
[White "Ruzicka, Vaclav1111"]
[Black "Privoznik, Lubos"]
[Result "1/2-1/2"]
[WhiteElo "1683"]
[BlackElo "1615"]
[PlyCount "51"]
[EventDate "2019.03.09"]
[EventType "tourn"]
[EventRounds "9"]
[EventCountry "CZE"]
[SourceTitle "CBM 189 Extra"]
[Source "ChessBase"]
[SourceDate "2019.06.03"]
[SourceVersion "1"]
[SourceVersionDate "2019.06.03"]
[SourceQuality "1"]

1. d4 e6 2. Bf4 d5 3. Nf3 Nf6 4. e3 Nbd7 5. Nbd2 c5 6. c3 b6 7. Bb5 Bb7 8. Ne5 Qc8 9. Ndf3 a6 10. Nxd7 Nxd7 11. Ba4 Bc6 12. Bxc6 Qxc6 13. Ne5 Nxe5 14. Bxe5 Qb5 15. Qe2 Qxe2+ 16. Kxe2 c4 17. b3 Rc8 18. b4 f6 19. Bg3 h5 20. h4 Kd7 21. f4 f5 22. Rhb1 Be7 23. Bf2 Rh6 24. g3 Rg6 25. a4 Rh8 26. Kf3 1/2-1/2

[Event "Klatovy op-B 24th"]
[Site "Klatovy"]
[Date "2018.07.05"]
[Round "6"]
[White "Privoznik, Lubos"]
[Black "Dolezal, Martin1111"]
[Result "1-0"]
[WhiteElo "1665"]
[BlackElo "2096"]
[PlyCount "58"]
[EventDate "2018.06.30"]
[EventType "swiss"]
[EventRounds "9"]
[EventCountry "CZE"]
[SourceTitle "EXT 2019"]
[Source "ChessBase"]
[SourceDate "2018.10.10"]
[SourceVersion "1"]
[SourceVersionDate "2018.10.10"]
[SourceQuality "1"]

1. e4 e5 2. Nf3 Nc6 3. Bc4 Nf6 4. Ng5 d5 5. exd5 Na5 6. Bb5+ Bd7 7. Bxd7+ Qxd7 8. 0-0 Qxd5 9. Nc3 Qc5 10. d3 h6 11. Nf3 0-0-0 12. Be3 Qe7 13. Qe2 Ng4 14. Bd2 Nc6 15. Rfe1 Re8 16. h3 Nf6 17. a3 Nd7 18. Nd5 Qc5 19. c4 f6 20. Bb4 Nxb4 21. axb4 Qc6 22. Rxa7 Nb6 23. Nxb6+ Qxb6 24. Ra8+ Kd7 25. Rxe8 Kxe8 26. c5 Qxb4 27. Nxe5 Be7 28. Ng6 Qxc5 29. Nxh8 Kd8 1-0

[Event "Trebic Highlands op 11th"]
[Site "Trebic"]
[Date "2017.09.23"]
[Round "1"]
[White "Lampir, Tomas"]
[Black "Privoznik, Lubos"]
[Result "1-0"]
[WhiteElo "2077"]
[BlackElo "1658"]
[PlyCount "83"]
[EventDate "2017.09.23"]
[EventType "swiss"]
[EventRounds "9"]
[EventCountry "CZE"]
[SourceTitle "EXT 2018"]
[Source "ChessBase"]
[SourceDate "2017.10.13"]
[SourceVersion "1"]
[SourceVersionDate "2017.10.13"]
[SourceQuality "1"]

1. e4 e6 2. d4 d5 3. Nd2 dxe4 4. Nxe4 Nd7 5. Nf3 Ngf6 6. Ng3 c5 7. Be2 cxd4 8. Nxd4 Bc5 9. 0-0 0-0 10. Nb3 Bb6 11. Re1 Qc7 12. a4 a6 13. c3 Rd8 14. Qc2 h6 15. Bf3 Ne5 16. Be2 Bd7 17. Bf4 Bxf2+ 18. Kxf2 Neg4+ 19. Bxg4 Nxg4+ 20. Kg1 Qxf4 21. Re4 Qg5 22. Nd4 Bc6 23. Nxc6 bxc6 24. Qe2 Qc5+ 25. Kf1 Nxh2+ 26. Ke1 Qg1+ 27. Nf1 Nxf1 28. Qxf1 Qxf1+ 29. Kxf1 Rd2 30. b4 Rad8 31. Rc4 Rd1+ 32. Rxd1 Rxd1+ 33. Kf2 Rd6 34. Rc5 Kf8 35. Ra5 Rd3 36. Rc5 Rd6 37. Ke3 Ke7 38. Ra5 Kd7 39. Rxa6 Kc8 40. b5 Kb7 41. c4 Rd7 42. bxc6+ 1-0

[Event "CZE-ch Seniors 50"]
[Site "Rychnov nad Kneznou"]
[Date "2015.08.21"]
[Round "7"]
[White "Malinovsky, Petr"]
[Black "Privoznik, Lubos"]
[Result "1-0"]
[WhiteElo "2006"]
[BlackElo "1607"]
[PlyCount "91"]
[EventDate "2015.08.15"]
[EventType "swiss"]
[EventRounds "9"]
[EventCountry "CZE"]
[SourceTitle "EXT 2016"]
[Source "ChessBase"]
[SourceDate "2015.10.08"]
[SourceVersion "1"]
[SourceVersionDate "2015.10.08"]
[SourceQuality "1"]

1. d4 Nf6 2. c4 g6 3. Nc3 Bg7 4. e4 d6 5. f3 0-0 6. Be3 c5 7. Nge2 cxd4 8. Nxd4 Nc6 9. Qd2 Nxd4 10. Bxd4 Qa5 11. Be2 a6 12. 0-0 Bd7 13. a3 Rfd8 14. Qe3 Qh5 15. Qf2 Bh8 16. Be3 Rf8 17. g4 Qh3 18. g5 Nh5 19. Nd5 Rae8 20. Rad1 f5 21. gxf6 Nxf6 22. Nf4 Qh6 23. Ne6 Qh3 24. Nxf8 Rxf8 25. Qg2 Qh5 26. b4 Bh3 27. Qg3 Bxf1 28. Rxf1 Nxe4 29. Qg2 Nf6 30. f4 Qf5 31. Qxb7 Re8 32. Qf3 Nd7 33. Rd1 Bb2 34. a4 Ba3 35. Bd2 Bb2 36. Be3 Qf6 37. c5 Nf8 38. Bxa6 e5 39. Rxd6 Qh4 40. Qg3 Qh5 41. Qg5 Qh3 42. Qg3 Qf5 43. Bd3 Qh5 44. Bc4+ Kh8 45. Qg5 Qxg5+ 46. fxg5 1-0